El jamón ibérico : de la dehesa al paladar /

Guardado en:
Autor Principal: Ventanas, Jesús
Formato: Libro
Publicado: Madrid : Mundi Prensa, 2006
Materias:
Etiquetas: Agregar Etiqueta
Sin Etiquetas, Sea el primero en etiquetar este registro!
LEADER 01484nam a22001935a 4500
001 CEM.cems017950
005 20130219115855.0
008 130507s2006##################000#0#####d
003 CEMS
020 |a 848476270X 
082 0 4 |a 641.364 
100 1 |a Ventanas, Jesús 
245 1 0 |a El jamón ibérico :  |b de la dehesa al paladar /  |c Jesús Ventanas 
260 |a Madrid :  |b Mundi Prensa,  |c 2006 
300 |a 151 p. 
505 0 |a Lonchas de historia, sabor y salud -- El legado histórico cultural -- Unos recursos y una tecnología tradicional -- Jamón Ibérico y salud -- El jamón Ibérico: los retos de futuro -- Factores biológicos y su influencia sobre la calidad -- El binomia cerdo Ibérico-dehesa -- La carne del cerdo Ibérico puro -- La caña de lomo Ibérico -- Efecto de la alimentación sobre la calidad del jamón -- Un proceso de elaboración singular -- La fase fría -- La fase caliente: el secadero -- El jamón Ibérico en la bodega -- El jamón sale de la bodega y llega a la mesa -- Evaluación de la calidad de las piezas de jamón -- Evaluación del jamón Ibérico al corte -- El corte y la presentación del jamón Ibérico -- El jamón Ibérico, producto nutritivo y saludable -- Una fuente rica en hierro y proteínas, y moderada en grasa -- La sal y los nitritos en el jamón -- Jamón Ibérico, colesterol y enfermedad cardiovascular 
653 |a Jamón ibérico 
653 |a Jamón-procesamiento 
859 |a CEMS  |b BIB. CEMS - Agricultura  |h 641.364  |i V565  |p A1795.13  |t Ej.1